[Event "46th Capablanca Memorial Open B"]
[Site "Havana CUB"]
[Date "2011.05.11"]
[Round "1.29"]
[White "Gutierrez Espinosa, Karen"]
[Black "Vitier Vazquez, Cristian"]
[Result "0-1"]
[WhiteTitle "WFM"]
[WhiteElo "2094"]
[BlackElo "2158"]
[WhiteFideId "3513238"]
[BlackFideId "3513157"]
[EventDate "2011.05.11"]

1. e4 c5 2. Nf3 d6 3. d4 cxd4 4. Nxd4 Nf6 5. Nc3 a6 6. Bc4 e6 7. Bb3 Nbd7 8. O-O
Nc5 9. Bg5 Be7 10. f3 O-O 11. Qe2 Qc7 12. Rad1 b5 13. Kh1 h6 14. Be3 b4 15. Na4
Bd7 16. Qc4 Qb8 17. e5 Nd5 18. exd6 Nxe3 19. Qxc5 Nxf1 20. dxe7 Qxh2# 0-1

[Event "46th Capablanca Memorial Open B"]
[Site "Havana CUB"]
[Date "2011.05.11"]
[Round "1.30"]
[White "Hernandez Hernandez, Yasmani"]
[Black "Isidron Marcelo, Guillermo"]
[Result "1-0"]
[WhiteElo "2158"]
[BlackElo "2090"]
[WhiteFideId "3503623"]
[BlackFideId "3511464"]
[EventDate "2011.05.11"]

1. e4 Nf6 2. e5 Nd5 3. Nf3 d6 4. d4 dxe5 5. Nxe5 g6 6. Bc4 Be6 7. Qf3 Bg7 8. Nc3
c6 9. Ne4 Nd7 10. Nxd7 Qxd7 11. Nc5 Qc8 12. c3 O-O 13. O-O b6 14. Ba6 Qc7 15.
Nxe6 fxe6 16. Qe2 e5 17. dxe5 Bxe5 18. g3 Bg7 19. Bc4 Kh8 20. a4 a5 21. Bxd5
cxd5 22. Be3 Rad8 23. Qb5 d4 24. cxd4 Bxd4 25. Rac1 Qb8 26. Rfe1 Rf5 27. Qa6 Qd6
28. Red1 e5 29. Rc4 Qf6 30. Rc8 Qf8 31. Rxd8 Qxd8 32. Qd3 Qf6 33. Bxd4 exd4 34.
Qxd4 Qxd4 35. Rxd4 Rf3 36. b4 axb4 37. Rxb4 Ra3 38. Kg2 Kg7 39. h4 Kf7 40. g4
Kg7 41. f3 Ra2+ 42. Kg3 Ra3 43. Kf4 Kf7 44. Rxb6 Rxa4+ 45. Kg5 h5 46. Rf6+ Kg7
47. Rxg6+ Kf7 48. Rf6+ Kg7 49. Rf5 hxg4 50. fxg4 Ra6 51. h5 Ra7 52. Rb5 Rd7 53.
h6+ Kh7 54. Kh5 Rd1 1-0

[Event "46th Capablanca Memorial Open B"]
[Site "Havana CUB"]
[Date "2011.05.11"]
[Round "1.33"]
[White "Perez Bohigas, Lays Monica"]
[Black "Hernandez Carmenate, Holman"]
[Result "0-1"]
[WhiteElo "2056"]
[BlackElo "2152"]
[WhiteFideId "3510964"]
[BlackFideId "3510069"]
[EventDate "2011.05.11"]

1. e4 c5 2. Nf3 d6 3. d4 cxd4 4. Qxd4 Nc6 5. Bb5 Bd7 6. Bxc6 Bxc6 7. c4 Nf6 8.
Nc3 g6 9. O-O Bg7 10. Qd3 O-O 11. Bg5 a6 12. b4 b5 13. a3 Qb6 14. Rac1 bxc4 15.
Qxc4 Rac8 16. Qd3 Rfd8 17. Nd4 Ba8 18. Rfd1 h6 19. Be3 Qb7 20. f3 Nd7 21. Nd5
Ne5 22. Qe2 e6 23. Nf4 d5 24. exd5 exd5 25. Nd3 Nc4 26. Nc5 Qb8 27. Nxa6 Qb7 28.
b5 Re8 29. Rxc4 Rxc4 0-1

[Event "46th Capablanca Memorial Open B"]
[Site "Havana CUB"]
[Date "2011.05.11"]
[Round "1.34"]
[White "Gomez Torres, Richard Daniel"]
[Black "Gonzalez Ochoa, Yoana"]
[Result "1-0"]
[WhiteElo "2151"]
[BlackElo "2053"]
[WhiteFideId "3518396"]
[BlackFideId "3507629"]
[EventDate "2011.05.11"]

1. e4 e5 2. Nf3 Nc6 3. Bb5 a6 4. Ba4 Nf6 5. O-O b5 6. Bb3 Be7 7. Re1 d6 8. c3
O-O 9. h3 Na5 10. Bc2 c5 11. d4 Qc7 12. dxe5 dxe5 13. Nbd2 c4 14. Nf1 Nb7 15.
Ne3 Rd8 16. Nd5 Nxd5 17. exd5 Bd6 18. Qe2 Re8 19. Ng5 f5 20. Qh5 g6 21. Qh4 Qg7
22. Nf3 Be7 23. Bg5 Bxg5 24. Qxg5 Nc5 25. Rxe5 Rxe5 26. Qd8+ Kf7 27. Ng5# 1-0

[Event "46th Capablanca Memorial Open B"]
[Site "Havana CUB"]
[Date "2011.05.11"]
[Round "1.35"]
[White "Lopez Gonzalez, Abel Fabian"]
[Black "Rey Rodriguez, Yosvani"]
[Result "1/2-1/2"]
[WhiteElo "2049"]
[BlackElo "2143"]
[WhiteFideId "3512673"]
[BlackFideId "3514749"]
[EventDate "2011.05.11"]

1. e4 c5 2. Nc3 Nc6 3. g3 e6 4. Bg2 Nf6 5. d3 d5 6. exd5 Nxd5 7. Nge2 Nxc3 8.
Nxc3 Be7 9. O-O O-O 10. h4 Bd7 11. Re1 a6 12. Ne4 Qc8 13. c3 Nd8 14. Qh5 f6 1/2-1/2

[Event "46th Capablanca Memorial Open B"]
[Site "Havana CUB"]
[Date "2011.05.11"]
[Round "1.36"]
[White "Vargas Rodriguez, Wilver"]
[Black "Varela La Madrid, Tilsia Carolin"]
[Result "1-0"]
[WhiteElo "2133"]
[BlackElo "2044"]
[WhiteFideId "3509672"]
[BlackFideId "3903001"]
[EventDate "2011.05.11"]

1. e4 e5 2. Nf3 Nc6 3. Bb5 Nf6 4. O-O Nxe4 5. Re1 Nd6 6. Nxe5 Be7 7. Ba4 O-O 8.
d4 b5 9. Bb3 Bb7 10. Nc3 Re8 11. Qg4 Bf6 12. Bf4 Nxd4 13. Nxd7 Rxe1+ 14. Rxe1
Bc8 15. Nxf6+ Qxf6 16. Qg3 N4f5 17. Bxd6 Nxd6 18. Nxb5 Bb7 19. Nxd6 cxd6 20. c3
g6 21. Qe3 Kf8 22. f3 Bc6 23. Qd4 Qxd4+ 24. cxd4 Rb8 25. Rc1 Be8 26. Rc2 Rb4 27.
Rc4 Rb7 28. Kf2 a5 29. Rc2 f6 30. Bd5 Rb4 31. Ke3 Rb5 32. Bc4 Rb7 33. b3 Ke7 34.
g4 Kd8 35. Be6 Bd7 36. Bxd7 Kxd7 37. Ke4 Rb4 38. Rc4 Rb8 39. h4 Re8+ 40. Kf4 Rb8
41. Ke4 Rb5 42. Kd3 Rb8 43. Ra4 Rb5 44. Kc4 Kc6 45. a3 d5+ 46. Kc3 h6 47. b4
axb4+ 48. axb4 Rb6 49. Ra8 g5 50. h5 Kb5 51. Ra5+ Kc6 52. Rc5+ Kd6 53. b5 Ke6
54. Kb4 1-0

[Event "46th Capablanca Memorial Open B"]
[Site "Havana CUB"]
[Date "2011.05.11"]
[Round "1.37"]
[White "Gomez Sanchez, Jorge Marco"]
[Black "Alvarez Leyva, Harold"]
[Result "1-0"]
[WhiteElo "2036"]
[BlackElo "2131"]
[WhiteFideId "3506649"]
[BlackFideId "3509893"]
[EventDate "2011.05.11"]

1. e4 c5 2. Nf3 d6 3. d4 cxd4 4. Nxd4 Nf6 5. Nc3 g6 6. Be3 Bg7 7. f3 O-O 8. Qd2
Nc6 9. Bc4 Bd7 10. Bb3 Rc8 11. O-O-O Ne5 12. h4 h5 13. Bg5 Rc5 14. Kb1 a5 15.
Rhe1 b5 16. f4 Neg4 17. e5 a4 18. Bxf7+ Kxf7 19. e6+ Kg8 20. exd7 Qxd7 21. Ne6
Rfc8 22. Nxc5 Rxc5 23. a3 Kf7 24. Ne4 Rc4 25. Bxf6 Bxf6 26. Qd5+ Kf8 27. Ng5 Nh6
28. Nh7+ Kg7 29. Nxf6 exf6 30. Qxd6 Qxd6 31. Rxd6 Nf5 32. Rd7+ Kf8 33. Re6 Rxf4
34. Rb6 Re4 35. Rh7 Kg8 36. Rc7 Ne7 37. Rxb5 Kf7 38. Rbb7 Re1+ 39. Ka2 g5 40.
hxg5 fxg5 41. Rc5 g4 42. Rxh5 Kg6 43. Ra5 Nf5 44. Rb6+ Kg5 45. Rbb5 Rf1 46. b4
g3 47. Rxf5+ 1-0

[Event "46th Capablanca Memorial Open B"]
[Site "Havana CUB"]
[Date "2011.05.11"]
[Round "1.38"]
[White "Fernandez Mayola, Reynold Rafael"]
[Black "Corado, Rafael"]
[Result "0-1"]
[WhiteElo "2131"]
[BlackElo "2035"]
[WhiteFideId "3506100"]
[BlackFideId "3900541"]
[EventDate "2011.05.11"]

1. d4 Nf6 2. c4 c5 3. d5 b5 4. cxb5 a6 5. b6 d6 6. Nc3 Nbd7 7. Nf3 Qxb6 8. e4 g6
9. Be2 Bg7 10. O-O O-O 11. Nd2 Rb8 12. Nc4 Qc7 13. a4 Nb6 14. a5 Nxc4 15. Bxc4
Ng4 16. Be2 Nf6 17. Bc4 Rb4 18. Qe2 Bd7 19. Bxa6 Ra8 20. Bc4 Rxa5 21. Rxa5 Qxa5
22. Bg5 Qb6 23. b3 Qb8 24. h3 h6 25. Bh4 Kf8 26. f4 Ne8 27. e5 dxe5 28. Re1 Nd6
29. fxe5 Nxc4 30. bxc4 Rb2 31. Qe3 Rb3 32. Qxc5 g5 33. e6 fxe6 34. dxe6 Be8 35.
Nd5 gxh4 36. Nxe7 Bd4+ 37. Qxd4 Kxe7 38. Qg7+ Kd6 39. Qd4+ Kc7 40. Qc5+ Kb7 41.
Qe7+ Kc6 42. Qxh4 Qb7 43. Qe4+ Kb6 0-1

[Event "46th Capablanca Memorial Open B"]
[Site "Havana CUB"]
[Date "2011.05.11"]
[Round "1.39"]
[White "Romero, Jaime"]
[Black "Marquez Torres, Oscar Luis"]
[Result "1/2-1/2"]
[WhiteElo "2034"]
[BlackElo "2110"]
[WhiteFideId "3902498"]
[BlackFideId "3512819"]
[EventDate "2011.05.11"]

1. e4 e6 2. d3 d5 3. Nd2 Ne7 4. Ngf3 c5 5. g3 g6 6. Bg2 Bg7 7. O-O O-O 8. Re1
Qc7 9. c3 dxe4 10. dxe4 e5 11. Nc4 Rd8 12. Qc2 Be6 13. Ne3 h6 14. b3 Nbc6 15.
Bb2 a5 16. a4 Qb6 17. Nd2 h5 18. Ndc4 Qc7 19. Rad1 Bxc4 20. bxc4 Bh6 21. Nd5
Nxd5 22. cxd5 Ne7 23. Ba3 Nc8 24. Rb1 Nd6 25. Qb3 Rab8 26. Bf1 b6 27. Qc2 h4 28.
Bc1 Bxc1 29. Qxc1 hxg3 30. hxg3 Kg7 31. f4 Qe7 32. fxe5 Qxe5 33. Qf4 Qxc3 34. e5
Nf5 35. g4 Qd4+ 36. Qxd4 Nxd4 37. Bg2 Nc2 38. Re2 Nb4 39. Rd1 Kh6 40. Rf2 Rd7
41. Kh2 Re8 42. Re2 f6 43. e6 Rd6 44. Kg3 Kg5 45. Rf2 Rexe6 46. dxe6 Rxd1 47.
Re2 Rd8 48. e7 Re8 49. Re6 f5 50. Bb7 c4 51. Bc8 Nd5 52. Re5 Nxe7 53. Bd7 Kf6
54. Re6+ Kf7 55. Rxb6 Rd8 56. Be6+ Kf6 57. Bxc4+ Ke5 58. Re6+ Kd4 59. Bb5 Nd5
60. Rxg6 fxg4 61. Rxg4+ 1/2-1/2

[Event "46th Capablanca Memorial Open B"]
[Site "Havana CUB"]
[Date "2011.05.11"]
[Round "1.42"]
[White "Vazquez Matos, Adolfo Antonio"]
[Black "Pinero, Carlos"]
[Result "0-1"]
[WhiteElo "2092"]
[BlackElo "2027"]
[WhiteFideId "3516245"]
[BlackFideId "3901726"]
[EventDate "2011.05.11"]

1. d4 Nf6 2. c4 g6 3. Nc3 Bg7 4. g3 O-O 5. Bg2 d6 6. Nf3 Nc6 7. d5 Na5 8. Qd3 c5
9. O-O a6 10. h3 b5 11. Nd2 Rb8 12. Kh2 Nd7 13. f4 Nb6 14. cxb5 c4 15. Qc2 axb5
16. e4 b4 17. Ne2 Ba6 18. Nf3 c3 19. bxc3 bxc3 20. Re1 Qc7 21. Ned4 Rfc8 22. h4
Qc5 23. Nb3 Qb4 24. Nxa5 Qxa5 25. Bh3 Rc7 26. Rb1 Ra8 27. Rb3 Bc4 28. Ra3 Qxa3
29. Bxa3 Rxa3 30. Kh1 Rxa2 31. Qc1 c2 32. e5 Bxd5 33. Bg2 dxe5 34. Nxe5 Bxg2+
35. Kxg2 Bxe5 36. fxe5 Nd5 37. e6 f6 38. Kh3 Kg7 39. h5 g5 40. Re5 Nf4+ 41. gxf4
fxe5 42. fxe5 Rc3+ 43. Kg4 Ra4+ 0-1

[Event "46th Capablanca Memorial Open B"]
[Site "Havana CUB"]
[Date "2011.05.11"]
[Round "1.43"]
[White "Cabrera Ladron de Guevara, Maira"]
[Black "Chacon Beltran, Jose Antonio"]
[Result "1/2-1/2"]
[WhiteElo "2022"]
[BlackElo "2085"]
[WhiteFideId "3510670"]
[BlackFideId "3501990"]
[EventDate "2011.05.11"]

1. e4 c5 2. Nf3 d6 3. d4 cxd4 4. Nxd4 Nf6 5. Nc3 g6 6. Be3 Bg7 7. Bc4 O-O 8. f3
Nc6 9. Qd2 Bd7 10. Bb3 Rc8 11. O-O-O Ne5 12. Bh6 Nc4 13. Bxc4 Bxh6 14. Qxh6 Rxc4
15. Rd3 Qa5 16. Nb3 Qc7 17. Kb1 b5 18. Rc1 Rc8 19. Nd2 Rc5 20. Nb3 Re5 21. Nd5
Nxd5 22. Rxd5 Rxd5 23. exd5 a5 24. g4 Qc4 25. Qg5 e5 26. Qe7 Qc7 27. Nd2 f5 28.
h4 Re8 29. Qg5 Qd8 30. gxf5 Qxg5 31. hxg5 gxf5 32. Re1 Kg7 33. c4 Kg6 34. Rg1 e4
35. fxe4 fxe4 36. b3 b4 37. Kc1 Kf5 38. Kd1 Kf4 39. Ke1 Bf5 40. Nf1 a4 41. Ke2
Bg4+ 42. Kf2 axb3 43. axb3 Ra8 44. Rxg4+ Kxg4 45. Ke3 Kf5 46. Ng3+ Ke5 47. Nxe4
Ra3 48. Nd2 Kf5 49. Kd4 Ra1 50. Kd3 Re1 51. Kd4 1/2-1/2

[Event "46th Capablanca Memorial Open B"]
[Site "Havana CUB"]
[Date "2011.05.11"]
[Round "1.44"]
[White "Chacon Pavon, Joel"]
[Black "Valdivia Pena, Yaima"]
[Result "1-0"]
[BlackTitle "WFM"]
[WhiteElo "2049"]
[BlackElo "2021"]
[WhiteFideId "3504964"]
[BlackFideId "3514110"]
[EventDate "2011.05.11"]

1. d4 d5 2. c4 e6 3. Nc3 Nf6 4. Bg5 Be7 5. e3 Nbd7 6. Nf3 O-O 7. Rc1 c6 8. Bd3
b6 9. cxd5 exd5 10. O-O Bb7 11. Bf5 Re8 12. Qb3 Nf8 13. Rfd1 Ne6 14. Bh4 g6 15.
Bh3 Nd7 16. Bxe6 fxe6 17. Bxe7 Qxe7 18. Re1 Rf8 19. e4 Qf7 20. Re3 Rae8 21. Rce1
Kh8 22. Qc2 Kg7 23. Qe2 e5 24. exd5 cxd5 25. Nxe5 Nxe5 26. Rxe5 Rxe5 27. Qxe5+
Qf6 28. Nxd5 Qxe5 29. Rxe5 1-0

[Event "46th Capablanca Memorial Open B"]
[Site "Havana CUB"]
[Date "2011.05.11"]
[Round "1.45"]
[White "Andraca Perera, Jose Raul"]
[Black "Bueno Gauna, Christian Alejandro"]
[Result "1/2-1/2"]
[WhiteElo "2020"]
[BlackElo "1983"]
[WhiteFideId "3505936"]
[BlackFideId "3509958"]
[EventDate "2011.05.11"]

1. d4 d5 2. Bf4 Nf6 3. e3 e6 4. Nd2 b6 5. c3 Bb7 6. Ngf3 Nbd7 7. Bd3 Be7 8. h3
Ne4 9. Qc2 Nxd2 10. Nxd2 Nf6 11. Nf3 Bd6 12. Ne5 Bxe5 13. Bxe5 h6 14. a4 O-O 15.
O-O c5 16. Qe2 Qe7 17. a5 Nd7 18. Bh2 e5 19. axb6 axb6 20. Bxe5 Nxe5 21. dxe5
Qxe5 22. Ba6 Bc6 23. Bb5 Bb7 24. Ba6 Bc6 1/2-1/2

[Event "46th Capablanca Memorial Open B"]
[Site "Havana CUB"]
[Date "2011.05.11"]
[Round "1.46"]
[White "Rama Gonzalez, Ricardo"]
[Black "Hernandez, Zaida"]
[Result "1-0"]
[WhiteElo "2076"]
[BlackElo "2014"]
[WhiteFideId "3504360"]
[BlackFideId "3901041"]
[EventDate "2011.05.11"]

1. e4 c5 2. Nf3 d6 3. d4 cxd4 4. Nxd4 Nf6 5. Nc3 a6 6. Be2 e5 7. Nb3 Be7 8. O-O
O-O 9. Kh1 Qc7 10. f4 b5 11. a3 Be6 12. Be3 Nbd7 13. Qe1 Nb6 14. Nd2 Nc4 15.
Nxc4 Bxc4 16. Bd3 d5 17. fxe5 Nxe4 18. Rf3 Bxd3 19. Nxd5 Qxe5 20. Nxe7+ Qxe7 21.
cxd3 Nf6 22. Qg3 Rfe8 23. Bd4 Nh5 24. Qh3 g6 25. g4 Ng7 26. Qh6 Ne6 27. Qxh7+ 1-0

[Event "46th Capablanca Memorial Open B"]
[Site "Havana CUB"]
[Date "2011.05.11"]
[Round "1.47"]
[White "Perez Torres, Youset"]
[Black "Lopez Rippel, Ricardo"]
[Result "1-0"]
[WhiteElo "2013"]
[BlackElo "2062"]
[WhiteFideId "3506215"]
[BlackFideId "3514617"]
[EventDate "2011.05.11"]

1. d4 Nf6 2. Nf3 c5 3. e3 b6 4. c4 Bb7 5. Nc3 e6 6. d5 exd5 7. cxd5 d6 8. Bb5+
Nbd7 9. a4 a6 10. Bc4 Be7 11. O-O O-O 12. e4 Re8 13. Re1 Bf8 14. h3 Nh5 15. Bg5
Be7 16. Bd2 Bf8 17. Bg5 Be7 18. Bd2 Bf8 19. Ng5 g6 20. Ne6 Qe7 21. Bg5 f6 22.
Bd2 Ne5 23. Bf1 Bc8 24. f4 Nf7 25. f5 Ne5 26. Kh2 Ng7 27. Qc2 Rb8 28. Bf4 Bb7
29. Rad1 Qd7 30. Ra1 Nh5 31. Bd2 Bc8 32. Be2 Ng7 33. Rf1 gxf5 34. exf5 Re7 35.
Be3 b5 36. axb5 axb5 37. Ra5 Nc4 38. Bxc4 bxc4 39. Ne4 Rf7 40. Qxc4 Rxb2 41. Qc3
Rb5 42. Ra8 Be7 43. Bh6 Qb7 44. Qg3 Qxa8 45. Bxg7 Bxe6 46. Bh6+ Kh8 47. fxe6 Bf8
48. exf7 Bxh6 49. Nxd6 Rb8 50. Re1 Bd2 1-0

[Event "46th Capablanca Memorial Open B"]
[Site "Havana CUB"]
[Date "2011.05.11"]
[Round "1.49"]
[White "Sanchez Ones, Yenis"]
[Black "Granda Rodriguez, Jose Manuel"]
[Result "0-1"]
[WhiteElo "2010"]
[BlackElo "1971"]
[WhiteFideId "3514099"]
[BlackFideId "3502155"]
[EventDate "2011.05.11"]

1. e4 e5 2. Nf3 Nc6 3. d4 exd4 4. Nxd4 Qh4 5. Nb5 Bc5 6. Qe2 Nd4 7. Nxd4 Bxd4 8.
Nd2 Qf6 9. c3 Bc5 10. Nf3 d6 11. e5 Qe6 12. Bf4 d5 13. Rd1 c6 14. Qd2 h6 15. Nd4
Qe7 16. Be2 Bd7 17. b4 Bb6 18. a4 Bc7 19. e6 Bxe6 20. Nxe6 fxe6 21. Bh5+ Kd8 22.
Bxc7+ Qxc7 23. c4 Qe5+ 24. Be2 Nf6 25. O-O Kc7 26. cxd5 exd5 27. Bf3 Rad8 28. b5
c5 29. Qa5+ Kb8 30. b6 axb6 31. Qxb6 Qc7 32. Qxc7+ Kxc7 0-1

[Event "46th Capablanca Memorial Open B"]
[Site "Havana CUB"]
[Date "2011.05.11"]
[Round "1.50"]
[White "Ajete Alberdi, Jose Serafin"]
[Black "Fonte Sanchez, Claudia"]
[Result "1-0"]
[WhiteElo "2008"]
[BlackElo "2008"]
[WhiteFideId "3505731"]
[BlackFideId "3509710"]
[EventDate "2011.05.11"]

1. Nc3 c5 2. Nf3 Nc6 3. Ne4 d6 4. b3 Bf5 5. Ng3 Bg4 6. Bb2 e5 7. e3 Nf6 8. c4
Be7 9. Be2 O-O 10. O-O Qc7 11. h3 Be6 12. d4 exd4 13. exd4 d5 14. Rc1 cxd4 15.
Nxd4 Nxd4 16. Qxd4 Qd7 17. c5 Rac8 18. a4 a6 19. Bd3 Rfd8 20. Rfe1 Rc7 21. a5 h6
22. f4 Qe8 23. Bb1 Qf8 24. b4 Bd7 25. Qd3 g6 26. f5 g5 27. Nh5 Rc6 28. Rxe7 Qxe7
29. Qd4 1-0

[Event "46th Capablanca Memorial Open B"]
[Site "Havana CUB"]
[Date "2011.05.12"]
[Round "2.1"]
[White "Alarcon Vazquez, Lietis"]
[Black "Lorente Pupo, Ramon Miguel"]
[Result "0-1"]
[BlackTitle "FM"]
[WhiteElo "2000"]
[BlackElo "2286"]
[WhiteFideId "3513300"]
[BlackFideId "3508200"]
[EventDate "2011.05.11"]

1. d4 d5 2. Nf3 Nf6 3. Bf4 c5 4. e3 Qb6 5. Qc1 Nc6 6. c3 Bf5 7. Nbd2 Rc8 8. a3
cxd4 9. exd4 e6 10. h3 Be7 11. Be2 Ne4 12. Be3 O-O 13. O-O Qc7 14. Nxe4 Bxe4 15.
Bf4 Bd6 16. Bxd6 Qxd6 17. Qe3 Bxf3 18. Qxf3 Na5 19. Bd3 b5 20. Rfe1 Nc4 21. Re2
a5 22. Qh5 g6 23. Qh6 Rfe8 24. Rae1 b4 25. axb4 axb4 26. h4 bxc3 27. bxc3 Qf8
28. Qg5 Qe7 29. Qh6 Rc6 30. h5 Qh4 31. Bxc4 Rxc4 32. Re5 Rec8 33. Qg5 Qxg5 34.
Rxg5 Rxc3 35. hxg6 hxg6 0-1

[Event "46th Capablanca Memorial Open B"]
[Site "Havana CUB"]
[Date "2011.05.12"]
[Round "2.2"]
[White "Hernandez Noa, Rodney"]
[Black "Gonzalez, Harold"]
[Result "1/2-1/2"]
[BlackTitle "FM"]
[WhiteElo "2282"]
[BlackElo "2250"]
[WhiteFideId "3510360"]
[BlackFideId "3506061"]
[EventDate "2011.05.11"]

1. d4 Nf6 2. c4 e6 3. Nf3 d5 4. Nc3 Be7 5. Bg5 O-O 6. e3 Nbd7 7. Qc2 c6 8. O-O-O
a6 9. Kb1 b5 10. cxd5 cxd5 11. Bd3 Bb7 12. Ne5 h6 13. Bxf6 Bxf6 14. Nxd7 Qxd7
15. f4 Rfc8 16. Qf2 b4 17. Ne2 a5 18. g4 Ba6 19. Bxa6 Rxa6 20. Rc1 Rac6 21. Rxc6
Qxc6 22. Rc1 Qa6 23. Rxc8+ Qxc8 24. h4 a4 1/2-1/2

[Event "46th Capablanca Memorial Open B"]
[Site "Havana CUB"]
[Date "2011.05.12"]
[Round "2.3"]
[White "Gongora Reyes, Liuber"]
[Black "Hedman Senarega, Jose Antonio"]
[Result "1-0"]
[WhiteTitle "FM"]
[BlackTitle "FM"]
[WhiteElo "2277"]
[BlackElo "2204"]
[WhiteFideId "3503984"]
[BlackFideId "3500837"]
[EventDate "2011.05.11"]

1. e4 e5 2. Nf3 Nc6 3. Bb5 a6 4. Ba4 Nf6 5. O-O Be7 6. Re1 b5 7. Bb3 d6 8. c3
O-O 9. h3 Nd7 10. d4 Bf6 11. a4 Bb7 12. d5 Na5 13. Bc2 Nb6 14. b4 Nac4 15. a5
Nc8 16. Bb3 c6 17. dxc6 Bxc6 18. Bxc4 bxc4 19. Na3 Re8 20. Nxc4 d5 21. exd5 Qxd5
22. Qxd5 Bxd5 23. Ne3 Bxf3 24. gxf3 Nd6 25. Nd5 Rac8 26. Be3 Nc4 27. Bc5 Nd2 28.
Reb1 Nxf3+ 29. Kg2 Nd2 30. Rb2 Nc4 31. Rc2 Rc6 32. Nb6 Nd6 33. Rd1 Ne4 34. Be3
Rxc3 35. Rxc3 Nxc3 36. Rd7 Nb5 37. Nd5 h5 38. Bc5 e4 39. Rb7 Be5 40. Rb6 Ra8 41.
Rb7 g6 42. Re7 Bg7 43. Rxe4 Rd8 44. Ne7+ Kh7 45. Nc6 Rc8 46. Ne7 Re8 47. Kf3 Nc7
48. Nc6 Ne6 49. Rc4 Rc8 50. Ne7 Rc7 51. Nd5 Rc6 52. Ne7 Rc7 53. Nd5 Rc6 54. Nb6
Bd4 55. Rxd4 Rxc5 56. bxc5 Nxd4+ 57. Ke4 1-0

[Event "46th Capablanca Memorial Open B"]
[Site "Havana CUB"]
[Date "2011.05.12"]
[Round "2.4"]
[White "Mencos, Claudia"]
[Black "Oliva Castaneda, Kevel"]
[Result "0-1"]
[WhiteTitle "WIM"]
[WhiteElo "1972"]
[BlackElo "2265"]
[WhiteFideId "7300573"]
[BlackFideId "3500799"]
[EventDate "2011.05.11"]

1. e4 c5 2. Nf3 e6 3. d4 cxd4 4. Nxd4 Nc6 5. Nb5 d6 6. Bf4 e5 7. Be3 Nf6 8. Bg5
a6 9. N5c3 Be6 10. Nd2 Rc8 11. Be2 Nd4 12. Bd3 Be7 13. Bxf6 Bxf6 14. O-O g6 15.
Nd5 Bg7 16. c3 Nc6 17. Nb3 Bxd5 18. exd5 Ne7 19. Be2 O-O 20. Kh1 Kh8 21. Qd3 f5
22. f3 Ng8 23. Rad1 Qh4 24. Qe3 Bh6 25. Qf2 Qe7 26. Qb6 Nf6 27. Na5 Rc7 28. Rfe1
Nh5 29. Qf2 Qg7 30. Nc4 Rd7 31. Nb6 Rdd8 32. Nc4 Bg5 33. g3 Qh6 34. Bf1 b5 35.
Na5 f4 36. g4 Nf6 37. Qg2 Bh4 38. Qh3 Qg5 39. Re2 e4 40. Nc6 exf3 41. Qxf3 Rde8
42. h3 Rxe2 43. Bxe2 Re8 44. Rd3 Ne4 45. Kg2 Nf2 46. Nb4 Nxd3 47. Qxd3 Re3 48.
Qd4+ Qe5 49. Bf3 Qxd4 50. cxd4 a5 0-1

[Event "46th Capablanca Memorial Open B"]
[Site "Havana CUB"]
[Date "2011.05.12"]
[Round "2.5"]
[White "Perez Perez, Osniel"]
[Black "Borges Del Pino, Oliver"]
[Result "1-0"]
[WhiteTitle "FM"]
[WhiteElo "2263"]
[BlackElo "2209"]
[WhiteFideId "3503461"]
[BlackFideId "3505022"]
[EventDate "2011.05.11"]

1. e4 c5 2. Nf3 d6 3. d4 cxd4 4. Nxd4 Nf6 5. Nc3 Nc6 6. Bg5 e6 7. Qd2 Be7 8.
O-O-O Nxd4 9. Qxd4 O-O 10. f3 a6 11. h4 Qc7 12. Qd2 Rd8 13. Bd3 b5 14. g4 b4 15.
Ne2 a5 16. Kb1 a4 17. h5 Ra5 18. Be3 d5 19. g5 Nxe4 20. fxe4 dxe4 21. g6 exd3
22. gxf7+ Kxf7 23. cxd3 a3 24. h6 g6 25. b3 Qd6 26. d4 Bb7 27. Rhf1+ Rf5 28. Bf4
Qd5 29. Ng3 Rf6 30. Bg5 Qg2 31. Bxf6 Bxf6 32. Qxg2 Bxg2 33. Rf2 Bh3 34. Rc1 Rd7
35. Rc4 Ke7 36. d5 exd5 37. Rcf4 Rd6 38. Rxb4 Be5 39. Rb7+ Bd7 40. Nf1 d4 41.
Nd2 Re6 42. Kc2 Ke8 43. Nc4 Bg3 44. Rd2 Re4 45. b4 Be6 46. Nxa3 Re3 47. Nb5 Bf5+
48. Kb2 Be5 49. Nxd4 g5 50. Rb5 g4 51. Rc5 1-0

[Event "46th Capablanca Memorial Open B"]
[Site "Havana CUB"]
[Date "2011.05.12"]
[Round "2.7"]
[White "Nunez Asencio, Jorge"]
[Black "Gonzalez Gomez, Ronier"]
[Result "1-0"]
[WhiteElo "2248"]
[BlackElo "2196"]
[WhiteFideId "3510905"]
[BlackFideId "3503763"]
[EventDate "2011.05.11"]

1. d4 d5 2. c4 e6 3. Nf3 c5 4. cxd5 exd5 5. Nc3 Nc6 6. g3 Nf6 7. Bg2 Be7 8. O-O
O-O 9. Bg5 cxd4 10. Nxd4 h6 11. Bf4 Bg4 12. Rc1 Qd7 13. Re1 Rfe8 14. Nxc6 bxc6
15. Be3 Rab8 16. Na4 Bb4 17. Bd2 Bf8 18. a3 h5 19. Bg5 Nh7 20. Bf4 Rbc8 21. b4
h4 22. Nc5 Qf5 23. f3 hxg3 24. hxg3 Bh3 25. Qd2 g5 26. Be3 Bd6 27. Bf2 Bxg2 28.
Kxg2 g4 29. Qd3 Qxd3 30. Nxd3 gxf3+ 31. exf3 Rxe1 32. Rxe1 Ng5 33. Be3 Ne6 34.
f4 Ng7 35. g4 f5 36. g5 Kf7 37. Rh1 Re8 38. Kf3 a6 39. Bd4 Ne6 40. Bf6 Nf8 41.
Rc1 Rc8 42. Be5 Be7 43. Bd4 Bd6 44. Bc5 Bb8 45. Bxf8 Kxf8 46. Nc5 Kf7 47. Nxa6 1-0